000 00554nmm a2200169Ia 4500
008 251105s9999||||xx |||||||||||||||||und||
041 _aspa
100 _aIglesias Gil, José Manuel
245 0 _aViajes y cambios de residencia en el mundo romano
264 _a[Madrid, España] :
_bEdiciones Universidad de Cantabria,
_c2020
300 _a366 páginas
650 _aHistory of Europe
700 _aIglesias Gil, José Manuel
700 1 _a Ruiz Gutiérrez, Alicia (eds.)
856 _uhttps://public.digitaliapublishing.com/a/68991
942 _cCF
999 _c67066
_d67066